00598 a2200169 4500003000400000005001700004008004100021040000900062082002300071100003300094245005200127260003900179300000900218942005200227952013200279999001700411OSt20231220104919.0231220b |||||||| |||| 00| 0 eng d coclc a491.4382421bTIW/M aTiwari, Shashi Shekar910180 aMANAK HINDI VYAKARAN /cDr. Shashishekar Tiwari aNew Delhi:bVani Prakashan,c2000. a111p 2ddccBKh491.4382421iTIW/Mk491.4382421mTIW/M 00102ddc40708GRAaMESbMEScHINd2023-12-20l0o491.4382421 TIW/Mp43132r2023-12-20 10:50:03v25.00w2023-12-20yBKzGR6R3 c43498d43498